Государственные закупки как механизм стимулирования производства инновационных товаров, работ и услуг; Вестник науки Сибири; № 4 (5)
| Parent link: | Вестник науки Сибири: электронный научный журнал/ Томский политехнический университет (ТПУ).— , 2011-.— 2226-0064 № 4 (5).— 2012.— [С. 192-196] |
|---|---|
| Autor principal: | |
| Sumari: | Заглавие с титульного листа Отмечена существенная роль сферы государственного заказа в процессе формирования национальной институциональной среды, в том числе в развитии производства инновационных товаров, работ и услуг. Констатирована терминологическая неясность понятия инновационного товара, работы, услуги для целей государственных закупок. Проанализированы особенности институтов в сфере размещения государственных заказов и отмечено противодействие сложившейся в России системы закупок целям стимулирования производства инновационной продукции. Предложены меры выхода из сложившейся ситуации применительно к закупкам инновационных товаров, работ и услуг. |
| Idioma: | rus |
| Publicat: |
2012
|
| Col·lecció: | Экономика и менеджмент |
| Matèries: | |
| Accés en línia: | http://earchive.tpu.ru/handle/11683/15924 |
| Format: | MixedMaterials Electrònic Capítol de llibre |
| KOHA link: | https://koha.lib.tpu.ru/cgi-bin/koha/opac-detail.pl?biblionumber=495786 |
MARC
| LEADER | 00000naa2a2200000 4500 | ||
|---|---|---|---|
| 001 | 495786 | ||
| 005 | 20240209131526.0 | ||
| 035 | |a (RuTPU)RU\TPU\prd\165470 | ||
| 035 | |a RU\TPU\prd\165469 | ||
| 090 | |a 495786 | ||
| 100 | |a 20130121d2012 k y0rusy50 ca | ||
| 101 | 0 | |a rus | |
| 102 | |a RU | ||
| 135 | |a drnn ---uucaa | ||
| 181 | 0 | |a i | |
| 182 | 0 | |a b | |
| 200 | 1 | |a Государственные закупки как механизм стимулирования производства инновационных товаров, работ и услуг |f Л. Ю. Спицына | |
| 203 | |a Текст |c электронный | ||
| 215 | |a 1 файл (81.5 Кб) | ||
| 225 | 1 | |a Экономика и менеджмент | |
| 300 | |a Заглавие с титульного листа | ||
| 320 | |a [Библиогр.: с. 196 (5 назв.)] | ||
| 330 | |a Отмечена существенная роль сферы государственного заказа в процессе формирования национальной институциональной среды, в том числе в развитии производства инновационных товаров, работ и услуг. Констатирована терминологическая неясность понятия инновационного товара, работы, услуги для целей государственных закупок. Проанализированы особенности институтов в сфере размещения государственных заказов и отмечено противодействие сложившейся в России системы закупок целям стимулирования производства инновационной продукции. Предложены меры выхода из сложившейся ситуации применительно к закупкам инновационных товаров, работ и услуг. | ||
| 337 | |a Adobe Reader | ||
| 461 | 1 | |0 (RuTPU)RU\TPU\prd\143680 |x 2226-0064 |t Вестник науки Сибири |o электронный научный журнал |f Томский политехнический университет (ТПУ) |d 2011- | |
| 463 | 1 | |0 (RuTPU)RU\TPU\prd\165247 |t № 4 (5) |v [С. 192-196] |d 2012 | |
| 610 | 1 | |a российская экономика | |
| 610 | 1 | |a инновационная экономика | |
| 610 | 1 | |a государственные закупки | |
| 610 | 1 | |a товары | |
| 610 | 1 | |a услуги | |
| 610 | 1 | |a работы | |
| 610 | 1 | |a производство | |
| 610 | 1 | |a институциональная среда | |
| 610 | 1 | |a формирование | |
| 610 | 1 | |a электронный ресурс | |
| 675 | |a 338.242.4:339.187 |v 3 | ||
| 700 | 1 | |a Спицына |b Л. Ю. |c экономист |c доцент Томского политехнического университета, кандидат экономических наук |f 1976- |g Любовь Юрьевна |3 (RuTPU)RU\TPU\pers\31992 |9 16052 | |
| 801 | 1 | |a RU |b 63413507 |c 20090623 |g PSBO | |
| 801 | 2 | |a RU |b 63413507 |c 20180116 |g PSBO | |
| 856 | 4 | |u http://earchive.tpu.ru/handle/11683/15924 | |
| 942 | |c BK | ||